Energy management in buildings / (Record no. 355192)

000 -LEADER
fixed length control field 01797nam a2200265 a 4500
001 - CONTROL NUMBER
control field ASIN0415353920
003 - CONTROL NUMBER IDENTIFIER
control field Nust- CAS-E
005 - DATE AND TIME OF LATEST TRANSACTION
control field 20180118181353.0
008 - FIXED-LENGTH DATA ELEMENTS--GENERAL INFORMATION
fixed length control field 140203s2005 xxu eng d
020 ## - INTERNATIONAL STANDARD BOOK NUMBER
International Standard Book Number 9780415353922
040 ## - CATALOGING SOURCE
Transcribing agency 0
050 04 - LIBRARY OF CONGRESS CALL NUMBER
Classification number TJ163.5.B84
082 04 - DEWEY DECIMAL CLASSIFICATION NUMBER
Classification number 696
Author Mark MOS 2005
100 1# - MAIN ENTRY--PERSONAL NAME
Personal name Moss, Keith.
245 10 - TITLE STATEMENT
Title Energy management in buildings /
Statement of responsibility, etc. Keith Moss.
250 ## - EDITION STATEMENT
Edition statement 2nd ed.
260 ## - PUBLICATION, DISTRIBUTION, ETC.
Place of publication, distribution, etc. [S.l.] :
Name of publisher, distributor, etc. Routledge,
Date of publication, distribution, etc. 2005.
300 ## - PHYSICAL DESCRIPTION
Extent 240 p. ;
Dimensions 24 cm.
520 ## - SUMMARY, ETC.
Summary, etc. Managing the consumption and conservation of energy in buildings is the concern of both building managers and occupants and this use accounts for about half of UK energy consumption. The need to manage this has been given new emphasis by the introduction of the Climate Change Levy. Energy Management in Buildings introduces students and energy managers to the principles of managing and conserving energy consumpton in buildings people use for work or leisure. Energy consumption is considered for the provision of space heating, hot water, supply ventilation and air conditioning. The author introduces the use of standard performance indicators and energy consumption yardsticks and discusses the use and application of degree days. This�second edition includes two new chapters on current regulations and environmental impact of building services. It closely follows recent bench marking published by CIBSE and the Defra energy efficiency Best Practice Programme and covers unit 18 in the new HND in building services engineering.
650 #0 - SUBJECT ADDED ENTRY--TOPICAL TERM
Topical term or geographic name entry element Buildings--Cost of operation
650 #0 - SUBJECT ADDED ENTRY--TOPICAL TERM
Topical term or geographic name entry element Buildings--Energy conservation
650 #0 - SUBJECT ADDED ENTRY--TOPICAL TERM
Topical term or geographic name entry element Buildings--Energy consumption
856 40 - ELECTRONIC LOCATION AND ACCESS
Materials specified Amazon.com
Uniform Resource Identifier <a href="http://www.amazon.com/exec/obidos/ASIN/0415353920/chopaconline-20">http://www.amazon.com/exec/obidos/ASIN/0415353920/chopaconline-20</a>
942 ## - ADDED ENTRY ELEMENTS (KOHA)
Source of classification or shelving scheme
Koha item type Book
Holdings
Withdrawn status Lost status Source of classification or shelving scheme Damaged status Not for loan Permanent Location Current Location Shelving location Date acquired Source of acquisition Total Checkouts Full call number Barcode Date last seen Copy number Cost, replacement price Price effective from Koha item type
          US-Pakistan Center for Advanced Studies in Energy (USPCAS-E) US-Pakistan Center for Advanced Studies in Energy (USPCAS-E) General Stacks 10/04/2013 Victoria co   696 MOS 2005 CAS-E0000027 02/04/2014 01 5967.00 02/04/2014 Book
          US-Pakistan Center for Advanced Studies in Energy (USPCAS-E) US-Pakistan Center for Advanced Studies in Energy (USPCAS-E) General Stacks 10/04/2013 Victoria co   696 MOS 2005 CAS-E0000028 02/04/2014 02 5967.00 02/04/2014 Book
© 2023 Central Library, National University of Sciences and Technology. All Rights Reserved.